000 00471nam a2200205 a 4500
999 _c4249
_d4249
001 4249
003 BD-JhCC
005 20171129095729.0
008 171125s1890 bg ||||| |||| 00| 0 eng d
035 _a(BD-JhCC)4249
040 _aBD-JhCC
_dBD-JhCC
041 _aeng
082 _a822.33
_bMAL 1890
100 _aMalleson, Miles
245 _aThe Bet /
_cMiles Malleson
300 _a31 p. :
_c18 cm.
650 _aEnglish Drama
942 _2ddc
_cBK